The innovator's prescription : (Record no. 53)

MARC details
000 -LEADER
fixed length control field 02170cam a2200397 a 4500
005 - DATE AND TIME OF LATEST TRANSACTION
control field 20260322212004.0
008 - FIXED-LENGTH DATA ELEMENTS--GENERAL INFORMATION
fixed length control field data
010 ## - LIBRARY OF CONGRESS CONTROL NUMBER
LC control number 2008043957
020 ## - INTERNATIONAL STANDARD BOOK NUMBER
International Standard Book Number 9780071592086 (alk. paper)
020 ## - INTERNATIONAL STANDARD BOOK NUMBER
International Standard Book Number 0071592083 (alk. paper)
040 ## - CATALOGING SOURCE
Original cataloging agency DLC
Transcribing agency DLC
Modifying agency VP@
-- VP@
041 09 - LANGUAGE CODE
Language code of text/sound track or separate title eng
042 ## - AUTHENTICATION CODE
Authentication code nlmcopyc
044 ## - COUNTRY OF PUBLISHING/PRODUCING ENTITY CODE
-- United States
050 00 - LIBRARY OF CONGRESS CALL NUMBER
Classification number RA971
Item number .C56 2009
060 10 - NATIONAL LIBRARY OF MEDICINE CALL NUMBER
Classification number WA 540 AA1
Item number C554i 2009
082 00 - DEWEY DECIMAL CLASSIFICATION NUMBER
Classification number 362.1
Edition information 22
001 - CONTROL NUMBER
control field data
100 1# - MAIN ENTRY--PERSONAL NAME
Personal name Christensen, Clayton M.
245 14 - TITLE STATEMENT
Title The innovator's prescription :
Remainder of title a disruptive solution for health care /
Statement of responsibility, etc. Clayton M. Christensen ; Jerome H. Grossman & Jason Hwang.
260 ## - PUBLICATION, DISTRIBUTION, ETC.
Place of publication, distribution, etc. New York :
Name of publisher, distributor, etc. McGraw-Hill,
Date of publication, distribution, etc. c2009.
300 ## - PHYSICAL DESCRIPTION
Extent li, 441 p. :
Other physical details ill. ;
Dimensions 24 cm.
336 ## - CONTENT TYPE
Content type term text
Content type code txt
Source rdacontent
337 ## - MEDIA TYPE
Media type term unmediated
Media type code n
Source rdamedia
338 ## - CARRIER TYPE
Carrier type term volume
Carrier type code nc
Source rdacarrier
504 ## - BIBLIOGRAPHY, ETC. NOTE
Bibliography, etc. note Includes bibliographical references and index.
505 0# - FORMATTED CONTENTS NOTE
Formatted contents note The role of disruptive technology and business model innovation in making products and services affordable and accessible -- The technological enablers of disruption -- Disrupting the hospital business model -- Disrupting the business model of the physician's practice -- Disruptive solutions for the care of chronic disease -- Integrating to make it happen -- Disrupting the reimbursement system -- The future of the pharmaceutical industry -- Future directions for medical devices and diagnostic equipment -- The future of medical education -- Regulatory reform and the disruption of health care.
650 12 - SUBJECT ADDED ENTRY--TOPICAL TERM
Topical term or geographic name entry element Health Care Reform
Authority record control number or standard number https://id.nlm.nih.gov/mesh/D018166
Geographic subdivision United States
650 22 - SUBJECT ADDED ENTRY--TOPICAL TERM
Topical term or geographic name entry element Health Services Administration
Authority record control number or standard number https://id.nlm.nih.gov/mesh/D006298
Geographic subdivision United States
650 22 - SUBJECT ADDED ENTRY--TOPICAL TERM
Topical term or geographic name entry element Organizational Innovation
Authority record control number or standard number https://id.nlm.nih.gov/mesh/D009936
Geographic subdivision United States
650 22 - SUBJECT ADDED ENTRY--TOPICAL TERM
Topical term or geographic name entry element Diffusion of Innovation
Authority record control number or standard number https://id.nlm.nih.gov/mesh/D004059
Geographic subdivision United States
650 22 - SUBJECT ADDED ENTRY--TOPICAL TERM
Topical term or geographic name entry element Health Care Sector
General subdivision organization & administration
Authority record control number or standard number https://id.nlm.nih.gov/mesh/D019981Q000458
Geographic subdivision United States
650 22 - SUBJECT ADDED ENTRY--TOPICAL TERM
Topical term or geographic name entry element Models, Organizational
Authority record control number or standard number https://id.nlm.nih.gov/mesh/D017146
Geographic subdivision United States
700 1# - ADDED ENTRY--PERSONAL NAME
Personal name Grossman, Jerome H.
700 1# - ADDED ENTRY--PERSONAL NAME
Personal name Hwang, Jason,
Dates associated with a name 1978-
Holdings
Withdrawn status Lost status Damaged status Not for loan Home library Current library Shelving location Date acquired Total checkouts Full call number Barcode Date last seen Price effective from Koha item type
        Midway Midway General stacks 22/03/2026   362.1 22 BC0010053 22/03/2026 22/03/2026 Books